00795nam a2200241Ia 4500008004100000020002200041050001600063050001400079100002800093245004900121245006400170250001700234260001700251260002200268260000900290300001600299300001200315500002000327650004100347650003200388999001900420952011400439180523s9999 xx 000 0 und d a987-981-4410-75-5 aMAIN QA 276 b.M46 2012 aMendenhall, William A.  0aIntroduction to probability and statistics / 0cWilliam A. Mendenhall, Robert J. Beaver, Barbara M. Beaver. a13th Edition aSingapore :  bCengage Learning, c2012 a146 pages : c23 cm.  aIncludes index. aMathematics statistics -- Textbooks. xProbabilities -- Textbooks. c357446d357446 001040aSMCbSMCcMAINd2013-02-20l0oMAIN QA 276 .M46 2012pSMC05873r2018-05-23 00:00:00w2018-05-23yBK